000 01348nam a2200349Ia 4500
001 ebr10256004
003 CaPaEBR
006 m u
007 cr cn|||||||||
008 080505s2008 njua sb 001 0 eng d
010 _z 2008273766
020 _z9812707069
020 _z9789812707062
020 _z9812707077 (pbk.)
020 _z9789812707079 (pbk.)
040 _aCaPaEBR
_cCaPaEBR
035 _a(OCoLC)560637107
050 1 4 _aQC318.E57
_bB463 2008eb
100 1 _aBen-Naim, Arieh,
_d1934-
245 1 2 _aA farewell to entropy
_h[electronic resource] :
_bstatistical thermodynamics based on information : S=logW /
_cArieh Ben-Naim.
246 3 _aS=logW
260 _aHackensack, N.J. :
_bWorld Scientific,
_cc2008.
300 _axxv, 384 p. :
_bill. (some col.)
504 _aIncludes bibliographical references (p. 373-379) and index.
533 _aElectronic reproduction.
_bPalo Alto, Calif. :
_cebrary,
_d2009.
_nAvailable via World Wide Web.
_nAccess may be limited to ebrary affiliated libraries.
650 0 _aEntropy.
650 0 _aSecond law of thermodynamics.
650 0 _aStatistical thermodynamics.
655 7 _aElectronic books.
_2local
710 2 _aebrary, Inc.
856 4 0 _uhttp://site.ebrary.com/lib/rucke/Doc?id=10256004
_zAn electronic book accessible through the World Wide Web; click to view
999 _c33400
_d33400